Nanotechnology for Microelectronics and Optoelectronics

Guardado en:
Detalles Bibliográficos
Autores principales: Martínez-Duart, J.M (Autor), Martín-Palma, Raúl J. (Autor), Agulló-Rueda, F. (Autor)
Formato: Libro
Lenguaje:inglés
Publicado: Amsterdam : Elsevier, 2006
Materias:
Etiquetas: Agregar Etiqueta
Sin Etiquetas, Sea el primero en etiquetar este registro!

MARC

LEADER 00000nam a22000003a 4500
001 stu130935
005 20150617225930.3
008 061207s2006----ne------------------eng-d
020 |a 0-080-44553-5 
040 |a STU  |b slo 
041 0 |a eng 
044 |a ne 
080 |a 621.382.049.7 
080 |a 539.23 
100 1 |a Martínez-Duart, J.M.  |4 aut 
245 1 |a Nanotechnology for Microelectronics and Optoelectronics 
260 |a Amsterdam :  |b Elsevier,  |c 2006 
300 |a 279 s 
650 7 |a nanotechnológie  |2 stusub 
650 7 |a Mikroelektronika  |2 stusub 
650 7 |a optoelektronika  |2 stusub 
700 1 |a Martín-Palma, Raúl J.  |4 aut 
700 1 |a Agulló-Rueda, F.  |4 aut 
996 |b 284EK86651  |c E*86651  |l EE11  |s P  |a 0  |w stu130935_0001